000 00460nam a2200157Ia 4500
008 240729s9999 xx 000 0 und d
022 _a2055-7434
245 0 _aMicrosystems & Nanoengineering
260 _aUnited Kingdom
260 _bNature Publishing Group
650 _a Engineering (General). Civil engineering (General)
650 _aTechnology
856 _uhttps://doaj.org/toc/72e928ce8fbf4107b25b58f7a8cc1491
942 _2ddc
942 _cDOAJEJ
999 _c74276
_d74276
945 _a1
_bMadushi Gamage
_c1
_dMadushi Gamage